Statistics for Fly London-Sydney: which Countries do you go above?

Click here to take the quiz!

General Stats

  • This quiz has been taken 810 times
  • The average score is 5 of 13

Answer Stats

COUNTRY% Correct
United Kingdom
99%
Germany
76%
Netherlands
76%
Australia
47%
Indonesia
41%
Denmark
37%
Latvia
29%
Lithuania
28%
Russia
22%
China
20%
Kazakhstan
18%
Latvia
16%
Philippines
13%

Score Distribution

Percentile by Number Answered

Percent of People with Each Score

Your Score History

You have not taken this quiz